00314cam a22000977a 4500008004000000082002200040100001600062245008400078260003900162300001500201180718b1968 xxu||||| |||| 00| 0 eng d aR706x71 C16/ST/18 aBrown, J.M. aTask force on labour relations, study no.18 interest arbitrationcby J.M. Brown aOttawabPrivy Council Officec1968 axiii, 310p